[Event "ODEM U25B 2013"]
[Site "Oberhof GER"]
[Date "2013.05.23"]
[Round "7"]
[White "Schilay, Lorenz"]
[Black "Grüninger, Maxim"]
[Result "1-0"]
[Termination "normal"]
[Board "1"]
[WhiteElo "1543"]
[BlackElo "1445"]
[PlyCount "25"]
[WhiteFideId "12930180"]
[BlackFideId "12942960"]
[EventCountry "GER"]
[EventRounds "9"]
[EventType "swiss"]
[EventDate "2013.05.18"]

1. e4 e5 2. Bc4 Nc6 3. Nc3 Bc5 4. Qg4 Qf6 5. Nd5 Qxf2+ 6. Kd1 Kf8 7. Nh3 Qd4 8.
d3 Bb6 9. c3 Qc5 10. Rf1 Qd6 11. Nxb6 axb6 12. Rxf7+ Ke8 13. Qxg7 1-0

[Event "ODEM U25B 2013"]
[Site "Oberhof GER"]
[Date "2013.05.23"]
[Round "7"]
[White "Pixa, Ulrich"]
[Black "Reimann, Matthias"]
[Result "0-1"]
[Termination "normal"]
[Board "2"]
[WhiteElo "1518"]
[BlackElo "1626"]
[PlyCount "76"]
[WhiteFideId "4697723"]
[BlackFideId "12928046"]
[EventCountry "GER"]
[EventRounds "9"]
[EventType "swiss"]
[EventDate "2013.05.18"]

1. e4 c5 2. Nf3 d6 3. d4 cxd4 4. Nxd4 Nf6 5. Nc3 g6 6. f3 Bg7 7. Bc4 Nc6 8.
Nce2 Bd7 9. O-O O-O 10. c3 Rc8 11. Bb3 a6 12. Be3 Ne5 13. Qd2 Nc4 14. Bxc4 Rxc4
15. Bh6 b5 16. Bxg7 Kxg7 17. Rac1 Qb6 18. Kh1 Rfc8 19. Nc2 a5 20. Ne3 R4c7 21.
Nf4 Bc6 22. Nfd5 Bxd5 23. Nxd5 Nxd5 24. Qxd5 Qc5 25. Qxc5 Rxc5 26. Rf2 b4 27.
Rfc2 bxc3 28. Rxc3 Rxc3 29. Rxc3 Rxc3 30. bxc3 Kf6 31. f4 g5 32. g3 gxf4 33.
gxf4 e5 34. Kg2 exf4 35. Kf3 Ke5 36. h4 h5 37. a4 f6 38. c4 f5 0-1

[Event "ODEM U25B 2013"]
[Site "Oberhof GER"]
[Date "2013.05.23"]
[Round "7"]
[White "Gheng, Christian"]
[Black "Preißler, Niklas"]
[Result "1/2-1/2"]
[Termination "normal"]
[Board "3"]
[WhiteElo "1696"]
[BlackElo "1746"]
[PlyCount "132"]
[WhiteFideId "24660345"]
[BlackFideId "12927554"]
[EventCountry "GER"]
[EventRounds "9"]
[EventType "swiss"]
[EventDate "2013.05.18"]

1. e4 c5 2. Nf3 d6 3. d4 cxd4 4. Nxd4 Nf6 5. Nc3 a6 6. Bc4 e6 7. Bg5 Nc6 8.
Nxc6 bxc6 9. e5 dxe5 10. Qxd8+ Kxd8 11. O-O-O+ Kc7 12. f4 Bd6 13. Bxf6 gxf6 14.
Ne4 Be7 15. Rhf1 exf4 16. Rxf4 f5 17. Nd2 Rd8 18. Kb1 Bg5 19. Rf2 Bb7 20. Bd3
Bxd2 21. Rdxd2 Rd7 22. b3 Rad8 23. Rde2 Kb6 24. a4 a5 25. Re3 Ba6 26. Rff3 Bxd3
27. Rxd3 Rxd3 28. cxd3 Rg8 29. g3 Rg4 30. Kc2 Kc5 31. Kc3 Kd5 32. Rf2 Ke5 33.
Re2+ Kd5 34. Rf2 h5 35. Rf3 c5 36. Rf2 h4 37. Rf3 hxg3 38. hxg3 Rg5 39. Kd2 e5
40. Ke3 Ke6 41. Kf2 Rg4 42. Ke3 Rb4 43. Rf2 Rxb3 44. Rc2 Kd5 45. Rf2 c4 46.
Rxf5 Rxd3+ 47. Ke2 Ke6 48. g4 Rd4 49. Rg5 c3 50. Rg8 Kd7 51. Rh8 c2 52. Rh1 Rc4
53. Rc1 Ke6 54. Kd3 Kd5 55. Rxc2 Rxc2 56. Kxc2 f6 57. Kd3 Kc5 58. Ke4 Kd6 59.
Kf5 Ke7 60. g5 fxg5 61. Kxe5 Kd7 62. Kf5 Kc6 63. Kxg5 Kc5 64. Kf4 Kb4 65. Ke3
Kxa4 66. Kd2 Kb3 1/2-1/2

[Event "ODEM U25B 2013"]
[Site "Oberhof GER"]
[Date "2013.05.23"]
[Round "7"]
[White "Sherif, Malik"]
[Black "Arnold, Leander"]
[Result "0-1"]
[Termination "normal"]
[Board "4"]
[WhiteElo "1440"]
[BlackElo "1435"]
[PlyCount "54"]
[WhiteFideId "12911755"]
[BlackFideId "12990230"]
[EventCountry "GER"]
[EventRounds "9"]
[EventType "swiss"]
[EventDate "2013.05.18"]

1. e4 e6 2. d4 d5 3. exd5 exd5 4. Nf3 Bd6 5. c4 dxc4 6. Bxc4 Qe7+ 7. Be3 Nf6 8.
Ng5 O-O 9. Qb3 h6 10. Nf3 Nc6 11. O-O Na5 12. Qc2 Nxc4 13. Qxc4 Be6 14. Qc2 Bd5
15. Qd1 Ng4 16. Re1 Bxf3 17. Qxf3 Bxh2+ 18. Kf1 Qh4 19. g3 Qh5 20. Kg2 Rfe8 21.
Nd2 Re6 22. Rh1 Rf6 23. Qd1 Re8 24. Nf1 Rxe3 25. f4 Qd5+ 26. Kh3 Nf2+ 27. Kxh2
Qxh1# 0-1

[Event "ODEM U25B 2013"]
[Site "Oberhof GER"]
[Date "2013.05.23"]
[Round "7"]
[White "Schier, Lukas"]
[Black "Dittrich, Tom"]
[Result "1/2-1/2"]
[Termination "normal"]
[Board "5"]
[WhiteElo "1327"]
[BlackElo "1648"]
[PlyCount "50"]
[BlackFideId "12923532"]
[EventCountry "GER"]
[EventRounds "9"]
[EventType "swiss"]
[EventDate "2013.05.18"]

1. e4 c5 2. Nc3 d6 3. Bb5+ Bd7 4. Bxd7+ Qxd7 5. f4 g6 6. Nf3 Bg7 7. d3 e6 8.
O-O Nc6 9. Be3 Nd4 10. Rb1 Ne7 11. Ne2 Nxe2+ 12. Qxe2 O-O 13. d4 cxd4 14. Bxd4
d5 15. e5 Nf5 16. Bc3 Rfc8 17. Nd4 Nxd4 18. Bxd4 a6 19. c3 b5 20. b3 a5 21.
Rbc1 b4 22. c4 dxc4 23. Rxc4 Rxc4 24. Qxc4 Rc8 25. Qd3 Rd8 1/2-1/2

[Event "ODEM U25B 2013"]
[Site "Oberhof GER"]
[Date "2013.05.23"]
[Round "7"]
[White "Silber, Kevin"]
[Black "Morio, Estelle"]
[Result "0-1"]
[Termination "normal"]
[Board "6"]
[WhiteElo "1542"]
[BlackElo "1322"]
[PlyCount "42"]
[WhiteFideId "12930440"]
[BlackFideId "12951951"]
[EventCountry "GER"]
[EventRounds "9"]
[EventType "swiss"]
[EventDate "2013.05.18"]

1. e4 d6 2. d4 Nf6 3. Nc3 Nbd7 4. f4 e5 5. Nf3 c6 6. dxe5 dxe5 7. Bc4 Be7 8.
fxe5 Ng4 9. e6 fxe6 10. Bxe6 Nge5 11. Nxe5 Nxe5 12. Qh5+ Ng6 13. Bf5 Qd6 14.
Bxg6+ Qxg6 15. Qxg6+ hxg6 16. Bd2 Bg4 17. h3 Be6 18. O-O-O O-O-O 19. Ne2 g5 20.
g4 Bxa2 21. b3 Ba3# 0-1

[Event "ODEM U25B 2013"]
[Site "Oberhof GER"]
[Date "2013.05.23"]
[Round "7"]
[White "Finkous, Robert"]
[Black "Thumm, Niklas"]
[Result "1/2-1/2"]
[Termination "normal"]
[Board "7"]
[WhiteElo "1481"]
[BlackElo "1330"]
[PlyCount "55"]
[WhiteFideId "12979490"]
[BlackFideId "12918733"]
[EventCountry "GER"]
[EventRounds "9"]
[EventType "swiss"]
[EventDate "2013.05.18"]

1. e4 e6 2. d4 d5 3. Nc3 Nf6 4. e5 Nfd7 5. f4 c5 6. Nf3 Nc6 7. Be3 Qb6 8. Na4
Qb4+ 9. c3 Qa5 10. Nd2 cxd4 11. cxd4 b5 12. Nc3 a6 13. Nb3 Qb6 14. a3 Rb8 15.
Bd3 b4 16. Na4 Qb7 17. Nbc5 Nxc5 18. Nxc5 Qb6 19. Qa4 bxa3 20. bxa3 Bxc5 21.
dxc5 Qb2 22. O-O Bd7 23. Qxa6 O-O 24. Rab1 Qc3 25. Rbc1 Qb3 26. Rb1 Qa2 27. Ra1
Qb3 28. Rab1 1/2-1/2

[Event "ODEM U25B 2013"]
[Site "Oberhof GER"]
[Date "2013.05.23"]
[Round "7"]
[White "Gose, Paul-Lukas"]
[Black "Dathe, Frederick"]
[Result "1-0"]
[Termination "normal"]
[Board "8"]
[WhiteElo "1475"]
[BlackElo "1233"]
[PlyCount "67"]
[WhiteFideId "34688994"]
[BlackFideId "12963070"]
[EventCountry "GER"]
[EventRounds "9"]
[EventType "swiss"]
[EventDate "2013.05.18"]

1. d4 d5 2. c4 e6 3. Nc3 Nf6 4. Bg5 Be7 5. Nf3 Nbd7 6. e3 O-O 7. Be2 b6 8. O-O
Bb7 9. Rc1 c5 10. cxd5 exd5 11. b3 Rc8 12. h3 Re8 13. Bf4 Nf8 14. Ne5 Bd6 15.
Bb5 Re7 16. Qd2 Ne6 17. Bh2 cxd4 18. exd4 Bb4 19. Qe3 Nc7 20. Bd3 Nd7 21. Qf3
a6 22. a4 Ne6 23. Nxd5 Kf8 24. Rxc8 Bxc8 25. Nxe7 Qxe7 26. Nxd7+ Qxd7 27. d5
Ng5 28. Qf4 Be7 29. Rc1 Bd8 30. Qd6+ Be7 31. Qxd7 Bxd7 32. Bxa6 Bc5 33. Bd3 g6
34. h4 1-0

[Event "ODEM U25B 2013"]
[Site "Oberhof GER"]
[Date "2013.05.23"]
[Round "7"]
[White "Schrader, Alia"]
[Black "Vinogradov, Anatoli"]
[Result "1/2-1/2"]
[Termination "normal"]
[Board "9"]
[WhiteElo "1311"]
[BlackElo "1410"]
[PlyCount "89"]
[WhiteFideId "16270312"]
[BlackFideId "12977802"]
[EventCountry "GER"]
[EventRounds "9"]
[EventType "swiss"]
[EventDate "2013.05.18"]

1. e4 e5 2. Nf3 Nc6 3. Nc3 Nf6 4. d4 exd4 5. Nxd4 Bb4 6. f3 O-O 7. Qd3 Re8 8.
Be2 d5 9. Nxc6 bxc6 10. Bd2 dxe4 11. fxe4 Bxc3 12. Bxc3 Nxe4 13. Qxd8 Rxd8 14.
Ba5 Bf5 15. Bxc7 Rd2 16. Rc1 Re8 17. Ba5 Rd5 18. Bb4 Ng3 19. hxg3 Bg4 20. O-O
Rxe2 21. Rfe1 Rde5 22. Rcd1 h5 23. Rxe2 Rxe2 24. Rd2 Rxd2 25. Bxd2 f6 26. Kf2
Kf7 27. Ke3 Ke6 28. Kf4 g5+ 29. Ke3 Bf5 30. c3 Kd5 31. b4 Kc4 32. a4 a6 33. a5
Bd3 34. Kf3 Kd5 35. g4 Be4+ 36. Kg3 hxg4 37. Kxg4 Bxg2 38. Kf5 Bh1 39. Kxf6 g4
40. Kf5 g3 41. Be3 g2 42. Kf4 Kc4 43. Bd4 Kd3 44. Kg3 Ke2 45. Kh2 1/2-1/2

[Event "ODEM U25B 2013"]
[Site "Oberhof GER"]
[Date "2013.05.23"]
[Round "7"]
[White "Rank, Thomas"]
[Black "Lang, Thomas"]
[Result "1/2-1/2"]
[Termination "normal"]
[Board "10"]
[WhiteElo "1407"]
[BlackElo "1210"]
[PlyCount "73"]
[WhiteFideId "12967351"]
[BlackFideId "12982520"]
[EventCountry "GER"]
[EventRounds "9"]
[EventType "swiss"]
[EventDate "2013.05.18"]

1. e4 e5 2. Nf3 Nc6 3. Bc4 Bc5 4. c3 Nf6 5. d3 d6 6. Bb3 O-O 7. Nbd2 Be6 8.
Bxe6 fxe6 9. Qb3 Qc8 10. O-O d5 11. exd5 exd5 12. Ne4 Nxe4 13. Qxd5+ Kh8 14.
dxe4 Bd6 15. Ng5 Qd7 16. Ne6 Rf7 17. Rd1 Qe7 18. Bg5 Qe8 19. Nc5 Bxc5 20. Qxc5
h6 21. Be3 Rd8 22. Qc4 Rfd7 23. Qe2 Qg6 24. f3 Rxd1+ 25. Rxd1 Rxd1+ 26. Qxd1
Qd6 27. Qxd6 cxd6 28. c4 b6 29. f4 Kg8 30. Kf2 Kf7 31. Kf3 exf4 32. Kxf4 g5+
33. Kg4 Ne5+ 34. Kf5 Nxc4 35. Bd4 Na5 36. g4 Nc6 37. Bf6 1/2-1/2

[Event "ODEM U25B 2013"]
[Site "Oberhof GER"]
[Date "2013.05.23"]
[Round "7"]
[White "Hinrichs, Niklas"]
[Black "Rose, Luis Stratos"]
[Result "0-1"]
[Termination "normal"]
[Board "11"]
[WhiteElo "1373"]
[BlackElo "1380"]
[PlyCount "110"]
[WhiteFideId "12942499"]
[BlackFideId "12976008"]
[EventCountry "GER"]
[EventRounds "9"]
[EventType "swiss"]
[EventDate "2013.05.18"]

1. d4 Nf6 2. c4 g6 3. Nc3 Bg7 4. Nf3 d6 5. h3 O-O 6. Bg5 Nbd7 7. e3 c5 8. Bxf6
Bxf6 9. Be2 Bg7 10. O-O e5 11. dxc5 dxc5 12. Qc2 Nb6 13. Rfd1 Qe7 14. Nd5 Nxd5
15. cxd5 Qd6 16. e4 Rd8 17. Nd2 Bf8 18. Nc4 Qc7 19. Qc3 Bd6 20. Rac1 b6 21. Ne3
f5 22. Bf1 f4 23. Nc4 Qe7 24. Nxd6 Rxd6 25. b4 cxb4 26. Qxb4 Bb7 27. Rc4 Rc8
28. Rdc1 Rxc4 29. Rxc4 Rd7 30. Qc3 Qd6 31. Qc1 Kg7 32. Rc2 Rf7 33. Rc3 Kg8 34.
Qa3 Qxa3 35. Rxa3 a5 36. Rc3 Rd7 37. Bb5 Rd8 38. Rc7 Bc8 39. Kf1 f3 40. gxf3
Bxh3+ 41. Kg1 Rc8 42. Rxc8+ Bxc8 43. Kh2 Kf7 44. Kg3 g5 45. f4 gxf4+ 46. Kh4
Ke7 47. f3 Kd6 48. a4 Bd7 49. Bxd7 Kxd7 50. Kg5 Kd6 51. Kh5 Kc5 52. Kg5 h5 53.
Kxh5 b5 54. axb5 Kxb5 55. Kg4 Kc5 0-1

[Event "ODEM U25B 2013"]
[Site "Oberhof GER"]
[Date "2013.05.23"]
[Round "7"]
[White "Schenk, Philipp"]
[Black "Usczeck, Alina"]
[Result "0-1"]
[Termination "normal"]
[Board "12"]
[WhiteElo "1213"]
[BlackElo "1380"]
[PlyCount "114"]
[BlackFideId "12938114"]
[EventCountry "GER"]
[EventRounds "9"]
[EventType "swiss"]
[EventDate "2013.05.18"]

1. e4 c6 2. d4 d5 3. exd5 cxd5 4. Bd3 Nc6 5. c3 g6 6. Bf4 Bg7 7. Nd2 Nh6 8.
Ngf3 f6 9. Bb5 O-O 10. Bxc6 bxc6 11. h3 Nf7 12. Nb3 e5 13. dxe5 fxe5 14. Bg3
Qb6 15. O-O Rb8 16. Re1 Re8 17. Nbd2 Ba6 18. Qb3 Qa5 19. Qa3 Qxa3 20. bxa3 Rb2
21. Nb3 e4 22. Nfd4 Rc8 23. Reb1 Rxb1+ 24. Rxb1 Bd3 25. Rc1 Be5 26. Bxe5 Nxe5
27. Nc5 Rb8 28. Na4 Bc4 29. Ra1 Bd3 30. Rc1 Rb1 31. Rxb1 Bxb1 32. Nc5 Bxa2 33.
Kf1 Bc4+ 34. Ke1 Kf7 35. g3 Ke7 36. Kd2 Bf1 37. h4 Bg2 38. Ke1 Kd6 39. Nb7+ Kc7
40. Nc5 Kb6 41. Ncb3 Nd3+ 42. Ke2 Bh3 43. Nc2 Kb5 44. Nbd4+ Kc4 45. Nxc6 Kxc3
46. N2b4 Nxb4 47. Nxb4 d4 48. Nd5+ Kc2 49. Nb4+ Kb3 50. Nc6 d3+ 51. Kd2 a6 52.
Nb8 a5 53. Nc6 a4 54. Nd4+ Kxa3 55. f3 exf3 56. Nxf3 Bf5 57. Ne5 Kb3 0-1

[Event "ODEM U25B 2013"]
[Site "Oberhof GER"]
[Date "2013.05.23"]
[Round "7"]
[White "Binner, Jule"]
[Black "Hesse, Henrik"]
[Result "0-1"]
[Termination "normal"]
[Board "13"]
[WhiteElo "1274"]
[BlackElo "1701"]
[PlyCount "116"]
[WhiteFideId "16205332"]
[BlackFideId "12952060"]
[EventCountry "GER"]
[EventRounds "9"]
[EventType "swiss"]
[EventDate "2013.05.18"]

1. e4 b6 2. d4 Bb7 3. Nc3 e6 4. Be3 Bb4 5. Nge2 Bxe4 6. a3 Bxc3+ 7. Nxc3 Bb7 8.
Qg4 Qf6 9. O-O-O Nh6 10. Qg3 Nf5 11. Qxc7 Bc6 12. Qf4 d5 13. Bb5 O-O 14. Bd3
Nd7 15. Bxf5 Qxf5 16. Qxf5 exf5 17. Rhe1 Nf6 18. f3 Nh5 19. Bf2 Rfe8 20. Bh4 f6
21. Ne2 g5 22. Bf2 f4 23. g3 fxg3 24. hxg3 Ng7 25. g4 f5 26. gxf5 Nxf5 27. Ng3
Nxg3 28. Bxg3 Rxe1 29. Rxe1 Re8 30. Rg1 Kf7 31. Be5 Rg8 32. Kd2 h5 33. Kc3 Bd7
34. b4 h4 35. Kb3 Bb5 36. a4 Be2 37. Bh2 Bxf3 38. c4 g4 39. c5 g3 40. Bxg3 Rxg3
41. Re1 Be4+ 42. Kb2 h3 43. c6 h2 44. c7 Rg8 45. Rf1+ Ke7 46. Kc3 h1=Q 47. Rxh1
Bxh1 48. Kd3 Rc8 49. Ke3 Rxc7 50. Kd3 Be4+ 51. Ke3 Rc3+ 52. Kf4 Rf3+ 53. Kg4
Kf6 54. Kh4 Kf5 55. a5 bxa5 56. b5 a4 57. b6 axb6 58. Kh5 Rh3# 0-1

[Event "ODEM U25B 2013"]
[Site "Oberhof GER"]
[Date "2013.05.23"]
[Round "7"]
[White "Fischer, Elias"]
[Black "Wagner, Swenja"]
[Result "0-1"]
[Termination "normal"]
[Board "14"]
[WhiteElo "1452"]
[BlackElo "1248"]
[PlyCount "110"]
[WhiteFideId "12963305"]
[BlackFideId "12900494"]
[EventCountry "GER"]
[EventRounds "9"]
[EventType "swiss"]
[EventDate "2013.05.18"]

1. Nf3 d5 2. g3 e6 3. Bg2 Be7 4. O-O c6 5. d3 h5 6. h3 Na6 7. c3 Nc7 8. e4 g5
9. Nh2 Bd7 10. f4 h4 11. g4 c5 12. Qf3 Nh6 13. Be3 b6 14. Na3 Bc6 15. Qf2 Rg8
16. e5 Qd7 17. Nf3 Qd8 18. Qd2 Rg6 19. fxg5 Ng8 20. Nxh4 Rg7 21. Nf3 d4 22.
cxd4 Bxf3 23. Bxf3 Rb8 24. Bc6+ Kf8 25. Qf2 Bxg5 26. Bxg5 Qxg5 27. dxc5 b5 28.
Bd7 Qxe5 29. Rae1 Qd5 30. d4 Qxd7 31. Rc1 Ne7 32. Rc3 f5 33. Rf3 Rd8 34. Nc2
Qd5 35. b3 a5 36. Rf4 Qd7 37. Ne3 Ncd5 38. Nxd5 Qxd5 39. Qh4 Ng6 40. Rxf5+ exf5
41. Rxf5+ Ke8 42. Qe1+ Re7 43. Qf2 Qxd4 44. Qxd4 Rxd4 45. c6 Rc7 46. Rf6 Ne7
47. g5 Rxc6 48. Rf2 Rg6 49. Rg2 Rh4 50. Kh2 Rh5 51. a4 Rhxg5 52. Rf2 bxa4 53.
bxa4 Rh6 54. Rf4 Rgh5 55. Rf3 Kd7 0-1

[Event "ODEM U25B 2013"]
[Site "Oberhof GER"]
[Date "2013.05.23"]
[Round "7"]
[White "Frohnhäuser, Simon"]
[Black "Kovac, Linda"]
[Result "1-0"]
[Termination "normal"]
[Board "15"]
[WhiteElo "1418"]
[BlackElo "1250"]
[PlyCount "77"]
[WhiteFideId "16208528"]
[BlackFideId "12938815"]
[EventCountry "GER"]
[EventRounds "9"]
[EventType "swiss"]
[EventDate "2013.05.18"]

1. f4 c5 2. g3 g6 3. Bg2 Bg7 4. Nf3 e6 5. d3 Ne7 6. O-O O-O 7. e4 d5 8. e5 Nbc6
9. Be3 d4 10. Bf2 b6 11. Nbd2 Bb7 12. Nc4 Nf5 13. g4 b5 14. Ncd2 Nfe7 15. Ne4
Qb6 16. Qd2 Nd5 17. Nd6 Rab8 18. Rae1 a5 19. f5 Nxe5 20. Nxe5 Qxd6 21. Bg3 Qd8
22. fxe6 Bxe5 23. Bxe5 Rc8 24. exf7+ Rxf7 25. Qh6 Qf8 26. Qh3 Ne3 27. Bxb7 Nxf1
28. Bxc8 Qxc8 29. Rxf1 Rxf1+ 30. Qxf1 Qxg4+ 31. Bg3 h5 32. Kf2 Qf5+ 33. Ke2
Qg4+ 34. Qf3 Qe6+ 35. Kd2 Qxa2 36. b3 Qb2 37. Qd5+ Kg7 38. Be5+ Kh6 39. Qxc5
1-0

[Event "ODEM U25B 2013"]
[Site "Oberhof GER"]
[Date "2013.05.23"]
[Round "7"]
[White "Eggert, Daniela"]
[Black "Granzin, David"]
[Result "0-1"]
[Termination "normal"]
[Board "16"]
[WhiteElo "1241"]
[BlackElo "1391"]
[PlyCount "70"]
[WhiteFideId "12991490"]
[BlackFideId "12922145"]
[EventCountry "GER"]
[EventRounds "9"]
[EventType "swiss"]
[EventDate "2013.05.18"]

1. e4 d5 2. exd5 Nf6 3. Nf3 Nxd5 4. d4 g6 5. c3 Bg7 6. g3 O-O 7. Bg2 Bg4 8. O-O
Qd7 9. Qd3 Nc6 10. Be3 Bh3 11. Nbd2 Bxg2 12. Kxg2 f5 13. Qc4 Kh8 14. Nb3 b6 15.
Qe2 f4 16. Bd2 e5 17. dxe5 Rae8 18. Rae1 Nxe5 19. Nxe5 Rxe5 20. Qf3 Rh5 21. g4
Rh4 22. h3 h5 23. gxh5 Rf5 24. Rh1 Rg5+ 25. Kh2 Rgxh5 26. Kg2 Qf5 27. Rc1 c5
28. c4 Nf6 29. Bc3 Rg5+ 30. Kf1 Rgh5 31. Kg2 Ne4 32. Bxg7+ Kxg7 33. Rcd1 Ng5
34. Qb7+ Kh6 35. Rd7 f3+ 0-1

[Event "ODEM U25B 2013"]
[Site "Oberhof GER"]
[Date "2013.05.23"]
[Round "7"]
[White "Schramm, Anna-Lena"]
[Black "Steiner, Maximilian"]
[Result "1/2-1/2"]
[Termination "normal"]
[Board "17"]
[WhiteElo "1420"]
[BlackElo "1195"]
[PlyCount "74"]
[WhiteFideId "12918237"]
[BlackFideId "16202201"]
[EventCountry "GER"]
[EventRounds "9"]
[EventType "swiss"]
[EventDate "2013.05.18"]

1. c4 Nf6 2. Nc3 e5 3. g3 Bb4 4. Bg2 O-O 5. e4 Nc6 6. Nf3 Bxc3 7. dxc3 Nxe4 8.
O-O Nf6 9. Re1 d6 10. Qc2 Re8 11. Bg5 h6 12. Bd2 e4 13. Nd4 Nxd4 14. cxd4 d5
15. cxd5 Qxd5 16. Bc3 Bf5 17. h3 c5 18. Qa4 cxd4 19. Bxd4 Bd7 20. Qb4 a5 21.
Qc3 Rac8 22. Qe3 Qe6 23. b3 Bc6 24. Qc3 Ra8 25. Qc2 Rad8 26. Bb6 Rd5 27. Rad1
Rxd1 28. Rxd1 Nd5 29. Bd4 e3 30. Re1 exf2+ 31. Bxf2 Qc8 32. Rxe8+ Qxe8 33. Qc5
Qd8 34. Be1 Qb6 35. Qxb6 Nxb6 36. Bxa5 Bxg2 37. Kxg2 Nd5 1/2-1/2

[Event "ODEM U25B 2013"]
[Site "Oberhof GER"]
[Date "2013.05.23"]
[Round "7"]
[White "Müdder, Melanie"]
[Black "Hausdorf, Lars"]
[Result "0-1"]
[Termination "normal"]
[Board "18"]
[WhiteElo "712"]
[BlackElo "1348"]
[PlyCount "72"]
[WhiteFideId "12994103"]
[BlackFideId "16200390"]
[EventCountry "GER"]
[EventRounds "9"]
[EventType "swiss"]
[EventDate "2013.05.18"]

1. e4 e5 2. Nf3 Nf6 3. Qe2 Nc6 4. Nc3 d6 5. d3 Bg4 6. Qe3 Bxf3 7. Qxf3 Nd4 8.
Qd1 Be7 9. Be2 O-O 10. O-O c6 11. Be3 Nxe2+ 12. Qxe2 d5 13. Qf3 d4 14. Bd2 dxc3
15. bxc3 Qd7 16. Qg3 Qe6 17. Bh6 Nh5 18. Qf3 Qxh6 19. Qf5 Nf6 20. Qxe5 Rfe8 21.
Qc7 Qd2 22. Qxb7 Qxc3 23. Rac1 Bf8 24. Rfe1 g6 25. e5 Nd5 26. h3 Nb6 27. f4 Bh6
28. g3 Bf8 29. g4 Qd4+ 30. Kg2 Qxf4 31. Qxc6 Rxe5 32. Rxe5 Qxe5 33. c4 Qe2+ 34.
Kg3 Qe3+ 35. Kh4 Be7+ 36. g5 Qf4# 0-1

[Event "ODEM U25B 2013"]
[Site "Oberhof GER"]
[Date "2013.05.23"]
[Round "7"]
[White "Hagenbeck-Hübert, Lara"]
[Black "Grund, Melanie"]
[Result "1/2-1/2"]
[Termination "normal"]
[Board "19"]
[WhiteElo "1338"]
[BlackElo "1186"]
[PlyCount "77"]
[WhiteFideId "12964484"]
[BlackFideId "12988804"]
[EventCountry "GER"]
[EventRounds "9"]
[EventType "swiss"]
[EventDate "2013.05.18"]

1. d4 d5 2. Bf4 e6 3. e3 c5 4. c3 Qb6 5. Qb3 c4 6. Qc2 Nf6 7. Nd2 Be7 8. Ngf3
Nc6 9. Be2 Bd7 10. Ne5 O-O 11. Nxd7 Nxd7 12. h4 e5 13. dxe5 Ndxe5 14. O-O-O a5
15. h5 a4 16. a3 Ra5 17. Nf3 Nxf3 18. gxf3 Rb5 19. Rdg1 Na5 20. Bh6 Qxh6 21.
Qxa4 Nb3+ 22. Kc2 Qa6 23. Qxa6 bxa6 24. e4 Rc8 25. exd5 Rxd5 26. Bxc4 Rxc4 27.
Kxb3 Rc8 28. Rd1 Rb5+ 29. Kc2 Rcb8 30. b4 h6 31. c4 Rf5 32. Rh3 a5 33. Rd7 Bf8
34. bxa5 Rxa5 35. f4 Bxa3 36. Rb3 Rxb3 37. Kxb3 Bc5 38. Rd5 Kh7 39. f5 1/2-1/2

[Event "ODEM U25B 2013"]
[Site "Oberhof GER"]
[Date "2013.05.23"]
[Round "7"]
[White "Reyher, Susan"]
[Black "Berg, Robert"]
[Result "1/2-1/2"]
[Termination "normal"]
[Board "20"]
[WhiteElo "1382"]
[BlackElo "1174"]
[PlyCount "46"]
[WhiteFideId "24686107"]
[EventCountry "GER"]
[EventRounds "9"]
[EventType "swiss"]
[EventDate "2013.05.18"]

1. e4 d5 2. exd5 Qxd5 3. Nc3 Qa5 4. d4 Nf6 5. Bc4 e6 6. Nf3 Bd6 7. Bd2 O-O 8.
Qe2 Nc6 9. O-O Bb4 10. h3 Rd8 11. d5 exd5 12. Nxd5 Nxd5 13. Bxd5 Rxd5 14. Qe8+
Bf8 15. Bxa5 Rxa5 16. a3 Rb8 17. Qe4 Bf5 18. Qc4 Rc5 19. Qe2 Re8 20. Qd2 Rd8
21. Qe2 Re8 22. Qd2 Rd8 23. Qe2 Re8 1/2-1/2

[Event "ODEM U25B 2013"]
[Site "Oberhof GER"]
[Date "2013.05.23"]
[Round "7"]
[White "Bajorski, Marius"]
[Black "Schmidt, Alexandra"]
[Result "1/2-1/2"]
[Termination "normal"]
[Board "21"]
[WhiteElo "1136"]
[BlackElo "1512"]
[PlyCount "52"]
[WhiteFideId "12938831"]
[BlackFideId "12946036"]
[EventCountry "GER"]
[EventRounds "9"]
[EventType "swiss"]
[EventDate "2013.05.18"]

1. e4 e6 2. d4 d5 3. Nc3 Bb4 4. e5 c5 5. Qg4 g6 6. dxc5 d4 7. Nge2 Nc6 8. a3
dxc3 9. axb4 Nxe5 10. Qd4 Nc6 11. Nxc3 Nf6 12. Qf4 O-O 13. b5 Nd4 14. Bd3 e5
15. Qh6 Ng4 16. Qg5 Qxg5 17. Bxg5 Re8 18. h3 e4 19. Nxe4 f5 20. Bc4+ Kf8 21.
Kd2 Ne5 22. Nd6 Nxc4+ 23. Nxc4 Nxb5 24. Rhe1 Bd7 25. Rxe8+ Bxe8 26. Rd1 Bc6
1/2-1/2

[Event "ODEM U25B 2013"]
[Site "Oberhof GER"]
[Date "2013.05.23"]
[Round "7"]
[White "Walter, Daniel"]
[Black "Zeuner, Ole"]
[Result "1-0"]
[Termination "normal"]
[Board "22"]
[WhiteElo "1338"]
[BlackElo "1135"]
[PlyCount "139"]
[WhiteFideId "12983110"]
[BlackFideId "12943576"]
[EventCountry "GER"]
[EventRounds "9"]
[EventType "swiss"]
[EventDate "2013.05.18"]

1. e4 c5 2. Nf3 Nc6 3. d4 cxd4 4. Nxd4 Nf6 5. Nc3 g6 6. Be2 Bg7 7. Be3 O-O 8.
O-O d5 9. Nxc6 bxc6 10. e5 Nd7 11. f4 Bh6 12. g4 Bg7 13. Bf3 Nb6 14. b3 f6 15.
exf6 Bxf6 16. Bd4 Bxd4+ 17. Qxd4 Qd6 18. Be2 Bd7 19. Rad1 Rf7 20. Rf2 Raf8 21.
Rdf1 c5 22. Qd2 d4 23. Nb5 Bxb5 24. Bxb5 Nd5 25. Bc4 e6 26. Qe2 Nxf4 27. Qf3
Qc7 28. Qg3 Kg7 29. c3 h6 30. cxd4 cxd4 31. Rd2 d3 32. Bxd3 Nxd3 33. Qxc7 Rxc7
34. Rxf8 Rc1+ 35. Rf1 Rc3 36. Kg2 h5 37. gxh5 gxh5 38. Re2 e5 39. Kg1 Kh6 40.
h4 a5 41. Rf6+ Kg7 42. Ra6 Rc5 43. Rd2 e4 44. Re6 Rc1+ 45. Kh2 Ne1 46. Rd7+ Kf8
47. Rxe4 Rc2+ 48. Kg3 Rg2+ 49. Kf4 Rg4+ 50. Kf5 Nf3 51. Rd8+ Kf7 52. Rxg4 hxg4
53. Kxg4 Ne5+ 54. Kg3 Ke7 55. Rd1 Kf6 56. Rd5 Ke6 57. Rxa5 Kd6 58. Rxe5 Kxe5
59. a4 Kd5 60. h5 Ke5 61. a5 Kd6 62. h6 Kc6 63. h7 Kb5 64. b4 Ka4 65. h8=Q Kb5
66. Qe5+ Ka6 67. b5+ Kb7 68. Qe7+ Kc8 69. a6 Kb8 70. Qb7# 1-0

[Event "ODEM U25B 2013"]
[Site "Oberhof GER"]
[Date "2013.05.23"]
[Round "7"]
[White "Grünwald, Max"]
[Black "Mönster, Michel"]
[Result "1/2-1/2"]
[Termination "normal"]
[Board "23"]
[WhiteElo "1118"]
[BlackElo "1310"]
[PlyCount "65"]
[WhiteFideId "12992283"]
[BlackFideId "12947164"]
[EventCountry "GER"]
[EventRounds "9"]
[EventType "swiss"]
[EventDate "2013.05.18"]

1. e4 e6 2. Nf3 d5 3. e5 c5 4. b4 Nc6 5. a3 a6 6. bxc5 Bxc5 7. d4 Ba7 8. c3 f6
9. Bd3 Bb8 10. h4 fxe5 11. Ng5 Nf6 12. Nxh7 exd4 13. Ng5 Rf8 14. Qe2 e5 15. Rh3
Bxh3 16. gxh3 Qe7 17. Bg6+ Kd8 18. Bf5 Rh8 19. Ne6+ Ke8 20. Qf3 Kf7 21. Qg3 Kg8
22. Qg6 Qf7 23. Qg4 dxc3 24. Nxc3 e4 25. Qg5 Rh5 26. Bg6 Qxe6 27. Bxh5 Nxh5 28.
Qxh5 Be5 29. Bd2 Qxh3 30. O-O-O Bxc3 31. Qxd5+ Kh8 32. Qh5+ Kg8 33. Qd5+
1/2-1/2